東武鬼怒川線の駅 - Statistics

General Stats
  • This quiz has been taken 31 times
  • The average score is 7 of 9
Answer Stats
Hint Answer % Correct
TN-23 下今市
100%
TN-55 東武ワールドスクウェア
96%
TN-56 鬼怒川温泉
96%
TN-57 鬼怒川公園
93%
TN-58 新藤原
93%
TN-54 小佐越
74%
TN-51 大谷向
67%
TN-53 新高徳
63%
TN-52 大桑
48%
No matching quizzes found
Score Distribution
Percent of People with Each Score
Percentile by Number Answered
Your Score History
You have not taken this quiz